000 00663nam a2200241 i 4500
001 C2-0339404
003 PPAK
005 20180728141604.0
008 161215s2015 ii |||| ||||| | tam d
020 _a9788190080187
040 _aPPAK
_beng
_cPPAK
_erda
082 0 4 _a894.812
_223
090 0 0 _a894.812
_bSUN
_dG
100 0 _aSundara Ramaswamy,
_eauthor
245 1 0 _aJee.jee. :
_bcila kurippukal
264 1 _aNagercoil, India :
_bKalachuvadu Publications ,
_c2015
300 _a224 pages ;
_c22 cm
336 _2rdacontent
_atext
337 _2rdamedia
_aunmediated
338 _2rdacarrier
_avolume
650 1 0 _aMalayalam fiction
942 _ddc
_cB
999 _c136673
_d136673